| 000 | 01047nam a2200241 a 4500 | ||
|---|---|---|---|
| 001 | BRCA_887 | ||
| 005 | 20190320203207.0 | ||
| 008 | 311005s1991----fi-a---###---#000-0#eng-d | ||
| 020 | _a8440493622 | ||
| 050 | 4 |
_aNK5157 _b.V53 _c1991 |
|
| 245 | 1 | 0 | _aVidrio finlandés contemporáneo = Contemporary Finish Glass. |
| 260 |
_aFinlandia _bFundación Centro Nacional del Vidrio : Real Fábrica de Cristales de la Granja _c1991 |
||
| 300 |
_a93 p. _bil. (algunas a color) _c30 cm. |
||
| 440 | 0 |
_av-91 _vc-3 _92952 |
|
| 500 | _aCatálogo de la exposición organizada por el Museo de Artes Decorativas de Helsinki y la Fundación Centro Nacional del Vidrio, Real Fábrica de Cristales de la Granja | ||
| 500 | _aIncluye índice de fotografías | ||
| 546 | _aTexto en : español e inglés | ||
| 650 | 1 | 4 |
_aReal Fábrica de Cristales _vExposiciones _zFinlandia _92953 |
| 650 | 1 | 4 |
_aIndustría vidriera _vExposiciones _zFinlandia _92954 |
| 710 | 2 |
_aMuseo Nacional de Artes Decorativas de Helsinki _92955 |
|
| 740 | 0 | _aContemporary Finish Glass | |
| 942 |
_2lcc _cB |
||
| 999 |
_c781 _d781 |
||